Climate change / (Record no. 3933)

MARC details
000 -LEADER
fixed length control field 01381cam a2200349 a 4500
001 - CONTROL NUMBER
control field 3933
003 - CONTROL NUMBER IDENTIFIER
control field FISKH
005 - DATE AND TIME OF LATEST TRANSACTION
control field 20240524134522.0
008 - FIXED-LENGTH DATA ELEMENTS--GENERAL INFORMATION
fixed length control field 101124s2011 nyua j b 001 0 eng
010 ## - LIBRARY OF CONGRESS CONTROL NUMBER
LC control number 2010045961
020 ## - INTERNATIONAL STANDARD BOOK NUMBER
International Standard Book Number 9780531205570 (hardcover)
020 ## - INTERNATIONAL STANDARD BOOK NUMBER
International Standard Book Number 9780531281062 (softcover)
040 ## - CATALOGING SOURCE
Original cataloging agency DLC
Transcribing agency DLC
Modifying agency DLC
Language of cataloging eng
042 ## - AUTHENTICATION CODE
Authentication code pcc
043 ## - GEOGRAPHIC AREA CODE
Geographic area code n-us-ak
050 00 - LIBRARY OF CONGRESS CALL NUMBER
Classification number QC903.15
Item number .B46 2011
082 00 - DEWEY DECIMAL CLASSIFICATION NUMBER
Classification number 304.2/5
Edition number 22
100 1# - MAIN ENTRY--PERSONAL NAME
Personal name Benoit, Peter,
Dates associated with a name 1955-
245 10 - TITLE STATEMENT
Title Climate change /
Statement of responsibility, etc. Peter Benoit.
260 ## - PUBLICATION, DISTRIBUTION, ETC.
Place of publication, distribution, etc. New York :
Name of publisher, distributor, etc. Children's Press,
Date of publication, distribution, etc. 2011.
300 ## - PHYSICAL DESCRIPTION
Extent 48 pages :
Other physical details color illustrations ;
Dimensions 22 cm
490 0# - SERIES STATEMENT
Series statement A true book
500 ## - GENERAL NOTE
General note Rising temperatures -- Causes of climate change -- Big trouble -- A grim future -- Solving the problem.
504 ## - BIBLIOGRAPHY, ETC. NOTE
Bibliography, etc. note Includes bibliographical references (p. 44) and index.
520 ## - SUMMARY, ETC.
Summary, etc. Explains what climate change is and why it occurs, examines the problems caused by climate change, discusses what might happen if the climate change problem is not fixed, and looks at what is being done to fight climate change.
650 #0 - SUBJECT ADDED ENTRY--TOPICAL TERM
Topical term or geographic name entry element Climatic changes
Form subdivision Juvenile literature.
650 #0 - SUBJECT ADDED ENTRY--TOPICAL TERM
Topical term or geographic name entry element Global temperature changes
Form subdivision Juvenile literature.
651 #0 - SUBJECT ADDED ENTRY--GEOGRAPHIC NAME
Geographic name Shishmaref (Alaska)
General subdivision Climate
Form subdivision Juvenile literature.
906 ## - LOCAL DATA ELEMENT F, LDF (RLIN)
a 7
b cbc
c orignew
d 1
e ecip
f 20
g y-gencatlg
942 ## - ADDED ENTRY ELEMENTS (KOHA)
Source of classification or shelving scheme Dewey Decimal Classification
Koha item type Books
Suppress in OPAC No
Holdings
Withdrawn status Lost status Source of classification or shelving scheme Damaged status Not for loan Collection Home library Current library Shelving location Date acquired Total Checkouts Full call number Barcode Date last seen Copy number Price effective from Koha item type
    Dewey Decimal Classification     Non-Fiction Footprints International School Library Network Toul Kork Campus Footprints International School Library Network Toul Kork Campus A TK Campus, 4th Floor, Room B401, Non-Fiction Bookcases(7-8) 05/24/2024   BEN 304.2 QC903.B46 FISTK05529 05/24/2024 1 05/24/2024 Books
    Dewey Decimal Classification     Non-Fiction Footprints International School Library Network Toul Kork Campus Footprints International School Library Network Toul Kork Campus A TK Campus, 4th Floor, Room B401, Non-Fiction Bookcases(7-8) 06/14/2024   BEN 304.2 QC903.B46 FISTK04785 06/14/2024 2 06/14/2024 Books
    Dewey Decimal Classification     Non-Fiction Footprints International School Library Network Toul Kork Campus Footprints International School Library Network Toul Kork Campus TTP Secondary Non-Fiction Bookshelves 06/14/2024   BEN 304.2 QC903.B46 FISSE00806 11/28/2024 3 06/14/2024 Books